000 00731nam a2200289Ia 4500
005 20260324145814.0
008 008 260324s9999 xx 000 0 eng d
020 _a9780429324789
037 _aEBOOK
040 _aCRL
040 _beng
040 _cCRL
041 _2eng
041 _aeng
084 _qCRL
100 _aIrving Zaretsky; Cynthia Shambaugh
_91224256
245 0 _aSpirit Possession and Spirit Mediumship in Africa and Afro-America
245 3 _bAn Annotated Bibliography
260 _bTaylor and Francis
260 _c1978
365 _a
365 _b205
856 _uhttp://www.taylorfrancis.com/books/9780429324789
942 _cEBOOK
999 _c1832669
_d1832669